000 00488nam a2200181Ia 4500
005 20250508151105.0
008 008 250505s9999 xx 000 0 eng d
037 _aTextual
040 _aFEDL
_beng
_cFEDL
041 _aeng
_2eng
084 _a919.4, BAY
_qFEDL
100 _aBayne Mottie
_9758395
245 0 _aOur iron and steel
260 _aLondon, UK
_bLongmans, Green and Co.
_c1949
300 _a64p.
942 _cTEXL
_h919.4, BAY
999 _c1327530
_d1327530